000 00685nam a22002297a 4500
005 20170124105909.0
010 _aB-227975
020 _a9788120326712
_c395.00
035 _aB-227975
037 _bCen Lib/Ret
040 _aDPL
_bEN
082 _a621.56
100 _aAmeen, Ahmadul
_99989
245 _aRefrigeration and air conditioning /
_cby Ahmadul Ameen
260 _aNew Delhi
_bPrentice Hall
_c2007
270 _aM-97, Connaught Circus
_bNew Delhi
_e110001
300 _axi, 500p:
_bill.
_c25cm(pbk)
500 _aIncludes index
650 _aMechanical Engineering
_99990
650 _aRefigeration Technology
_99991
942 _2ddc
_cEN
_h621.56
_mAHM
999 _c122399
_d122399